000 00435nam a2200169Ia 4500
008 221125s9999 xx 000 0 und d
020 _a818559435-X
041 _aeng
082 _a696.18 RAN/RAN
100 _aRangwala S C.
245 _aWater Supply And Sanitary Engineering.
250 _a19th
260 _bCharotar Publishing House
_aAnand
_c2004
300 _a797p
650 _aBuilding Services
700 _aRangawala S C
999 _c83407
_d83407